| 000 | 00478nam a2200181Ia 4500 | ||
|---|---|---|---|
| 003 | OSt | ||
| 005 | 20251031143804.0 | ||
| 008 | 210210b xxu||||| |||| 00| 0 eng d | ||
| 040 | _cAL | ||
| 041 | _akan | ||
| 082 | _a859/1712 | ||
| 100 |
_aVISHUKUMAR _9156372 _dವಿಶುಕುಮಾರ್. |
||
| 245 |
_aNettaragana: _bನೆತ್ತರಗಾನ |
||
| 260 |
_aBengaluru _bPurogami Sahitya Sanga |
||
| 690 |
_aKannada Fiction _9156373 |
||
| 906 | _a022433 | ||
| 942 |
_2ddc _cBK |
||
| 999 |
_c146837 _d146837 |
||